Religion, secularization, and far-right support in the Netherlands, Hungary, and Italy (Record no. 529000)

000 -LEADER
fixed length control field 01682nam a22001457a 4500
008 - FIXED-LENGTH DATA ELEMENTS--GENERAL INFORMATION
fixed length control field 250211b ||||| |||| 00| 0 eng d
100 ## - MAIN ENTRY--PERSONAL NAME
Personal name Vaughan, Kenneth R.
245 ## - TITLE STATEMENT
Title Religion, secularization, and far-right support in the Netherlands, Hungary, and Italy
260 ## - PUBLICATION, DISTRIBUTION, ETC. (IMPRINT)
Place of publication, distribution, etc International Sociology
300 ## - PHYSICAL DESCRIPTION
Extent 39(6), Nov, 2024: p.650-671
520 ## - SUMMARY, ETC.
Summary, etc Academic evaluations of the relationship between religion, secularization, and far-right collective actors have grown increasingly complicated. New religious immigrants, seen as invaders importing contradictory values imposed on the populous by EU elites, may threaten Christian and irreligious Europeans. Europe has been secularizing for decades, concurrent with a resurgence in far-right collective action, but this far-right resurgence has also accompanied an increase in religious discourse in politics. In this study, I investigate the relationship between religion, secularization, and far-right collective action utilizing three case studies. I find, with some caveats, that in Hungary, Fidesz motivates Christian voters with religious nationalist appeals, while assertive secularization motivates irreligious voters in the Netherlands. Italy is more complex, where far-right collective actors are less able to monopolize social issues. These findings speak to the critical role religious values and institutions play in shaping voter preferences and present competing options for secularist politics moving forward.- Reproduced

https://journals.sagepub.com/doi/abs/10.1177/02685809241292078
650 ## - SUBJECT ADDED ENTRY--TOPICAL TERM
Topical term or geographic name as entry element Liliberslism, Politics, Religion.
9 (RLIN) 50607
773 ## - HOST ITEM ENTRY
Main entry heading International Sociology
942 ## - ADDED ENTRY ELEMENTS (KOHA)
Item type Articles
Holdings
Withdrawn status Lost status Source of classification or shelving scheme Damaged status Not for loan Permanent location Current location Date acquired Serial Enumeration / chronology Barcode Date last seen Koha item type
          Indian Institute of Public Administration Indian Institute of Public Administration 2025-02-11 39(6), Nov, 2024: p.650-671 AR135192 2025-02-11 Articles

Powered by Koha